| 000 | 05008nam a2200517 c 4500 | ||
|---|---|---|---|
| 999 |
_c205133 _d205133 |
||
| 003 | BLK | ||
| 005 | 20240715111900.0 | ||
| 008 | 180411b bul|||||r ||||||| ||bul|| | ||
| 010 | _aKNG00214736000 | ||
| 020 | _a978-619-7404-01-2 | ||
| 040 | _aBLK | ||
| 041 |
_aBUL _cBUL _hENG |
||
| 072 | 7 |
_2bullib _aН17 _xЕтика Н |
|
| 080 |
_aОтношения между личността и държавата. Вж и 321;342.2;343.3/.7 _b172.1 _z172.1 |
||
| 080 |
_aСпоред отношението към проблема за духа и свободата на волята. Вж и 159. 947;17. 021;23 _b141.5 _z141.5 |
||
| 080 |
_aМорал и общество. Човешки отношения. Уважение. Независимост. Вж и 395 _b177 _z177 |
||
| 080 |
_b17.021/.022 _z17.021/.022 |
||
| 139 |
_aСвободата вчера, свободата днес, свободата утре - на върха на копието ли е? _bС 27 |
||
| 245 | 1 | 0 |
_aСвободата вчера, свободата днес, свободата утре - на върха на копието ли е? _bСб. докл. от междунар. науч. конф., 25-26 апр. 2017, Регионална библиотека Любен Каравелов, Русе _cред. кол. Теодора Александрова Евтимова; * Силва Василева; * Кети Илиева; * Кирилка Христова Илиева; * Симона Петрова Петрова; * Пламен Калинов. |
| 246 | 1 | 1 | _aFreedom Yesterday, Freedom Today, Freedom Tomorrow - Is It at the Tip of the Spear? |
| 257 | _aSB | ||
| 260 |
_bРегион. библ. Любен Каравелов _c2017 _fСофия : Алианс принт |
||
| 300 |
_a463 с. _bс ил. _c23 см |
||
| 380 | _a3 | ||
| 500 | _aИмената на ред. отбелязани на гърба на загл. с. - Други ред.: Силва Василева, Кети Илиева, Пламен Калинов, Симона Петрова. - Текст и на англ. ез. - Съдържа докл. от: Иван Илчев, Емил Стоянов, Ева Ковачева, Иво Стамболийски, Добромир Добрев, Бойчо Бойчев, Ива Шишкова, Никифор Аврамов, Радослав Спасов, Даниела Вичкова, Красимир Г. Кънчев, Виктор Рогозенски, Даниела Недялкова, Иван Марков, Искра Цветанска, Кирил Радев, Христо Милков, Иван Начев, Александър Куманов, Румяна Чукова, Елица Узунова, Галин Исаев, Димитринка Костадинова, Елица Куманова, Никола Бенин, Силва Василева, Лиляна Сиракова, Свежа Дачева, Иван Байчев, Мария Михайлова, Вежди Хасан, Мийрям Салим, Неврие Чуфадар, Виктор Бонев, Стефан Стефанов, Ели Попова, Анна Попова, Радостина Тодорова, Стефка Илиева, Евгени Иванов, Христо Златанов, Светлозар Игов, Калина Мичева-Пейчева, Иво Велинов, Румяна Петрова, Владимир Бараков, Йоанна Жержунович, Ева Пацовска-Иванова, Павел Петков, Мая Ангелова, Юлий Йорданов, Иво Братанов, Илияна Бенина, Десислава Андреева, Георги Игнатов, Мария Момчилова, Стоян Комитски, Елена Великова. - Библиогр. след отд. докл. - Рез. на бълг., англ. ез. | ||
| 650 | 4 |
_aСвобода (филос.) _9247404 |
|
| 653 | _aсвобода | ||
| 653 | _aконференции | ||
| 659 | _aН | ||
| 700 | 1 |
_aЕвтимова, Теодора Александрова _d1964 - _966656 |
|
| 700 |
_aВасилева, Силва Стефанова _9350606 |
||
| 700 | 1 |
_aИлиева, Кети _d1954 - _qИлиева, Кирилка Христова _972640 |
|
| 700 | 1 |
_aИлиева, Кети _d1954 - _qИлиева, Кирилка Христова _972640 |
|
| 700 | 1 |
_aПетрова, Симона Петрова _e* _9345029 |
|
| 700 | 1 |
_aКалинов, Пламен _e* _9350609 |
|
| 710 | 1 |
_aМеждународна науч. конф. Свободата вчера, свободата днес, свободата утре... (Русе ; 2017) _9350610 |
|
| 852 | _aЦб 288432 | ||
| 852 | _aК 1/С 27 | ||
| 856 | 4 | _qpdf | |
| 856 | 4 | _qpdf | |
| 942 |
_cKNG _n0 _s1 |
||
| 944 |
_aCR _c29.11.2017 _k30560 _lГеновева Генчева |
||
| 944 |
_aED _c30.03.2018 _kЛюдмила_Стоянова |
||
| 999 | _d205133 | ||
| 999 | _d205133 | ||